A look at teeth / (Record no. 1760)

MARC details
000 -LEADER
fixed length control field 01184cam a2200325 a 4500
001 - CONTROL NUMBER
control field 1760
003 - CONTROL NUMBER IDENTIFIER
control field FISKH
005 - DATE AND TIME OF LATEST TRANSACTION
control field 20230928115517.0
008 - FIXED-LENGTH DATA ELEMENTS--GENERAL INFORMATION
fixed length control field 980924s1999 nyua b 001 0 eng
010 ## - LIBRARY OF CONGRESS CONTROL NUMBER
LC control number 98046556
020 ## - INTERNATIONAL STANDARD BOOK NUMBER
International Standard Book Number 0516212176
040 ## - CATALOGING SOURCE
Original cataloging agency DLC
Transcribing agency DLC
Modifying agency DLC
Language of cataloging eng
042 ## - AUTHENTICATION CODE
Authentication code lcac
050 00 - LIBRARY OF CONGRESS CALL NUMBER
Classification number RK63
Item number .F69 1999
082 00 - DEWEY DECIMAL CLASSIFICATION NUMBER
Classification number 591.4
Edition number 21
100 1# - MAIN ENTRY--PERSONAL NAME
Personal name Fowler, Allan.
245 12 - TITLE STATEMENT
Title A look at teeth /
Statement of responsibility, etc. by Allan Fowler ; consultants, Linda Cornwell, Jan Jenner.
260 ## - PUBLICATION, DISTRIBUTION, ETC.
Place of publication, distribution, etc. New York :
Name of publisher, distributor, etc. Scholastic,
Date of publication, distribution, etc. 1999.
300 ## - PHYSICAL DESCRIPTION
Extent 31 pages :
Other physical details color illustrations ;
Dimensions 19 cm.
440 #0 - SERIES STATEMENT/ADDED ENTRY--TITLE
Title Rookie read-about science
505 ## - FORMATTED CONTENTS NOTE
Formatted contents note H<br/>
520 ## - SUMMARY, ETC.
Summary, etc. Discusses baby teeth and permanent teeth, the importance and uses of teeth, and how they are used by different kinds of animals.
521 8# - TARGET AUDIENCE NOTE
Target audience note 450<br/>
Source Lexile<br/>
521 8# - TARGET AUDIENCE NOTE
Target audience note H<br/>
Source Raz-Plus<br/>
650 #0 - SUBJECT ADDED ENTRY--TOPICAL TERM
Topical term or geographic name entry element Teeth
Form subdivision Juvenile literature.
650 #1 - SUBJECT ADDED ENTRY--TOPICAL TERM
Topical term or geographic name entry element Teeth.
906 ## - LOCAL DATA ELEMENT F, LDF (RLIN)
a 7
b cbc
c orignew
d 1
e ocip
f 19
g y-gencatlg
942 ## - ADDED ENTRY ELEMENTS (KOHA)
Source of classification or shelving scheme Dewey Decimal Classification
Koha item type Books
Suppress in OPAC No
Holdings
Withdrawn status Lost status Source of classification or shelving scheme Damaged status Not for loan Collection Home library Current library Shelving location Date acquired Total Checkouts Full call number Barcode Date last seen Price effective from Koha item type
    Dewey Decimal Classification     Non-Fiction Footprints International School Library Network Toul Kork Campus Footprints International School Library Network Toul Kork Campus TK Primary Library Room(4th Floor), Bookcase 1&2, Shelves 1-16, Dark Blue Books 09/28/2023   FOW 591.4 RK63.F69 FISTK03268 09/28/2023 09/28/2023 Books